Welcome to CU Library Online Public Access Catalogue (OPAC)

Microeconomics for today / (Record no. 873)

MARC details
000 -LEADER
fixed length control field 00944cam a2200253 a 4500
001 - CONTROL NUMBER
control field 12625530
005 - DATE AND TIME OF LATEST TRANSACTION
control field 20241108121538.0
008 - FIXED-LENGTH DATA ELEMENTS--GENERAL INFORMATION
fixed length control field 011220s2002 ohua b 001 0 eng
020 ## - INTERNATIONAL STANDARD BOOK NUMBER
International Standard Book Number 032411477X
020 ## - INTERNATIONAL STANDARD BOOK NUMBER
International Standard Book Number 0324179510
020 ## - INTERNATIONAL STANDARD BOOK NUMBER
International Standard Book Number 0324179561
050 00 - LIBRARY OF CONGRESS CALL NUMBER
Classification number HB172
Item number .T789 2003
082 00 - DEWEY DECIMAL CLASSIFICATION NUMBER
Classification number 338.5
Edition information 21
100 1# - MAIN ENTRY--PERSONAL NAME
Personal name Tucker, Irvin B.
245 10 - TITLE STATEMENT
Title Microeconomics for today /
Statement of responsibility, etc. Irvin Tucker.
250 ## - EDITION STATEMENT
Edition statement 3rd ed.
260 ## - PUBLICATION, DISTRIBUTION, ETC.
Place of publication, distribution, etc. Cincinnati, Ohio :
Name of publisher, distributor, etc. South-Western/Thomson,
Date of publication, distribution, etc. 2003.
300 ## - PHYSICAL DESCRIPTION
Extent xv, 469 p. :
Other physical details ill. ;
Dimensions 26 cm. +
Accompanying material 1 floppy disk (3 1/2 in.)
650 #0 - SUBJECT ADDED ENTRY--TOPICAL TERM
Topical term or geographic name entry element Microeconomics.
856 42 - ELECTRONIC LOCATION AND ACCESS
Materials specified Contributor biographical information
Uniform Resource Identifier <a href="http://www.loc.gov/catdir/enhancements/fy1104/2001057817-b.html">http://www.loc.gov/catdir/enhancements/fy1104/2001057817-b.html</a>
856 42 - ELECTRONIC LOCATION AND ACCESS
Materials specified Publisher description
Uniform Resource Identifier <a href="http://www.loc.gov/catdir/enhancements/fy1104/2001057817-d.html">http://www.loc.gov/catdir/enhancements/fy1104/2001057817-d.html</a>
856 41 - ELECTRONIC LOCATION AND ACCESS
Materials specified Table of contents only
Uniform Resource Identifier <a href="http://www.loc.gov/catdir/enhancements/fy1104/2001057817-t.html">http://www.loc.gov/catdir/enhancements/fy1104/2001057817-t.html</a>
942 ## - ADDED ENTRY ELEMENTS (KOHA)
Source of classification or shelving scheme Library of Congress Classification
Koha item type Books
Edition 3rd Ed.
Suppress in OPAC No
999 ## -
-- 873
-- 873
Holdings
Withdrawn status Lost status Source of classification or shelving scheme Damaged status Not for loan Collection Home library Current library Shelving location Date acquired Total checkouts Full call number Barcode Date last seen Copy number Price effective from Koha item type
    Library of Congress Classification     Non-fiction Business Library (Miotso) Business Library (Miotso) General stacks 11/08/2024   HB172 .T789 2003 BSSM00000196 11/08/2024 1 11/08/2024 Books
© 2023-2024 Copyright: Central University Libraries. All Rights Reserved | Created by: Mahone Tech Office